Re-interpreting urban fabric in cities with living heritage : (Record no. 13956)

000 -LEADER
fixed length control field 01140cam a2200301 i 4500
003 - CONTROL NUMBER IDENTIFIER
control field OSt
005 - DATE AND TIME OF LATEST TRANSACTION
control field 20260228115230.0
008 - FIXED-LENGTH DATA ELEMENTS--GENERAL INFORMATION
fixed length control field 200303s2020 ii ab b 001 0 eng d
020 ## - INTERNATIONAL STANDARD BOOK NUMBER
International Standard Book Number 9789383419883
Qualifying information (hardback)
042 ## - AUTHENTICATION CODE
Authentication code lccopycat
-- lcode
043 ## - GEOGRAPHIC AREA CODE
Geographic area code a-ii---
082 04 - DEWEY DECIMAL CLASSIFICATION NUMBER
Classification number 711.40954
Edition number 23
100 1# - MAIN ENTRY--PERSONAL NAME
Personal name Das Mahapatra, Gaurab,
Relator term author.
245 10 - TITLE STATEMENT
Title Re-interpreting urban fabric in cities with living heritage :
Remainder of title the case of central Kolkata /
Statement of responsibility, etc author, Gaurab Das Mahapatra ; co-author, Dr. Kshama Puntambekar ; edited by Dr. Tapas Mitra.
300 ## - PHYSICAL DESCRIPTION
Extent x, 240 pages :
Other physical details illustrations, maps ;
Dimensions 24 cm
504 ## - BIBLIOGRAPHY, ETC. NOTE
Bibliography, etc Includes bibliographical references (pages 231-236) and index
648 #7 - SUBJECT ADDED ENTRY--CHRONOLOGICAL TERM
Chronological term 2000-2099
Source of heading or term fast
650 #0 - SUBJECT ADDED ENTRY--TOPICAL TERM
Topical term or geographic name as entry element City planning
Geographic subdivision India
-- Kolkata.
650 #0 - SUBJECT ADDED ENTRY--TOPICAL TERM
Topical term or geographic name as entry element Historic preservation
Geographic subdivision India
-- Kolkata.
650 #7 - SUBJECT ADDED ENTRY--TOPICAL TERM
Topical term or geographic name as entry element City planning.
Source of heading or term fast
650 #7 - SUBJECT ADDED ENTRY--TOPICAL TERM
Topical term or geographic name as entry element Economic history.
Source of heading or term fast
650 #7 - SUBJECT ADDED ENTRY--TOPICAL TERM
Topical term or geographic name as entry element Historic preservation.
Source of heading or term fast
651 #0 - SUBJECT ADDED ENTRY--GEOGRAPHIC NAME
Geographic name Kolkata (India)
General subdivision Economic conditions
Chronological subdivision 21st century.
651 #7 - SUBJECT ADDED ENTRY--GEOGRAPHIC NAME
Geographic name India
Geographic subdivision Kolkata.
Source of heading or term fast
700 1# - ADDED ENTRY--PERSONAL NAME
Personal name Puntambekar, Kshama,
Relator term author.
700 1# - ADDED ENTRY--PERSONAL NAME
Personal name Mitra, Tapas,
Relator term editor.
942 ## - ADDED ENTRY ELEMENTS (KOHA)
Source of classification or shelving scheme
Holdings
Withdrawn status Lost status Source of classification or shelving scheme Damaged status Koha normalized classification for sorting Not for loan Permanent location Current location Shelving location Date acquired Full call number Barcode Date last seen Price effective from Koha item type
        711_409540000000000   BMS College of Architecture, Design and Planning BMS College of Architecture, Design and Planning General Stacks 2025-12-16 711.40954 AR-RD282 2026-02-10 2026-02-10 R&D Books
Copyright © 2025, The Librarian, Library and Information Centre, BMSCA D&P, Bengaluru. All Rights Reserved
web counter

Powered by Koha